| 000 | 00710nam a22002055i 4500 | ||
|---|---|---|---|
| 001 | 177604 | ||
| 003 | ES-MaACL | ||
| 005 | 20230906220354.0 | ||
| 008 | 110405s1970 sp |||| | spa d | ||
| 080 | _a349.44(460) | ||
| 100 | 1 |
_aMartín Blanco, José. _977418 |
|
| 245 | 1 | 0 |
_aDictámenes y estudios en derecho urbanístico / _cpor José Martín Blanco. |
| 260 |
_aMadrid : _bMontecorvo, _c1970. |
||
| 300 |
_a356 p. ; _c25 cm. |
||
| 490 | 1 |
_aMonografías. Colección de estudios jurídicos ; _v24 |
|
| 650 |
_aDerecho urbanístico- _zEspaña. _9145987 |
||
| 830 | 0 |
_aMonografías. Colección de estudios jurídicos ; _v24 _9190484 |
|
| 852 |
_aES-MaACL _jE-14807 _xOlim P-860-bis |
||
| 999 |
_c177604 _d177604 |
||